LEADER 01151nam a2200277 i 4500 001 000000182377 003 CaOOAMICUS 005 20220502085903.0 008 091021s1958 be u000 u fre u 013 $a160332 040 $aSeMil$bita 100 1 $aWilmet, Michel.$0(OLS)http://semarc/name/9955 245 10$a2 /$cPar Michel Wilmet. 264 1$aLouvain :$bCorpusSCO,$c1958. 300 $aP. 606-1165 ;$c25 cm 490 1 $aCorpus Scriptorum Christianorum Orientalium ;$v183 490 1 $aCorpus Scriptorum Christianorum Orientalium. Subsidia ;$v13 773 0 $aWilmet, Michel$t2: Les mots autochtones.$dLouvain : CorpusSCO, 1957-1959.$w()22207 830 0$aCorpus Scriptorum Christianorum Orientalium ;$v183.$0(OLS)http://semarc/title/77 830 0$aCorpus Scriptorum Christianorum Orientalium. Subsidia ;$v13.$0(OLS)http://semarc/title/9539 850 $aSeMil 852 $aSeMil$W1$xVenegono$y1$m2S III 183$j133081$B133081$CSeMilBibl$Z2$F144832 $81 961 $aOmaggio: Altro 996 $6245$a2$9(OLS)http://semarc/title/46890 996 $6264$aLouvain :$bCorpusSCO$9(OLS)http://semarc/publisher/31949 LEADER 00870nam a2200229 i 4500 001 000000068503 003 CaOOAMICUS 005 20100726000000.0 008 100726s1912 fr u000 u fre u 013 $a39675 040 $aSeMil$bita 100 1 $aBréhier, Émile <1876-1952>.$0(OLS)http://semarc/name/729 245 10$aSchelling /$cpar Émile Bréhier. 260 $aParis :$bFélix Alcan,$c1912. 300 $aVII, 314 p. ;$c22 cm. 490 0 $aLes grands philosophes 600 14$aSchelling, Friedrich <1755-1854>.$0(OLS)http://semarc/subject/3239 830 4$aLes grands philosophes.$0(OLS)http://semarc/title/29245 850 $aSeMil 852 $aSeMil$W1$xVenegono$y1$m2O III 101$j34656$B34656$CSeMilBibl$Z2$F34659 $81 996 $6245$aSchelling$9(OLS)http://semarc/title/109370 996 $6260$aParis :$bFélix Alcan$9(OLS)http://semarc/publisher/31890